Synthetic polymeric membranes : (Record no. 21390)
[ view plain ]
| 000 -LEADER | |
|---|---|
| fixed length control field | 00951cam a22002895a 4500 |
| 001 - CONTROL NUMBER | |
| control field | 013829593 |
| 003 - CONTROL NUMBER IDENTIFIER | |
| control field | OSt |
| 005 - DATE AND TIME OF LATEST TRANSACTION | |
| control field | 20160313154225.0 |
| 008 - FIXED-LENGTH DATA ELEMENTS--GENERAL INFORMATION | |
| fixed length control field | 070822t2008 gw a frb 001 0 eng d |
| 020 ## - INTERNATIONAL STANDARD BOOK NUMBER | |
| International Standard Book Number | 9783540739937 (hbk.) |
| 020 ## - INTERNATIONAL STANDARD BOOK NUMBER | |
| International Standard Book Number | 3540739939 (hbk.) |
| 040 ## - CATALOGING SOURCE | |
| Original cataloging agency | StDuBDS |
| Language of cataloging | eng |
| Transcribing agency | StDuBDS |
| Modifying agency | Uk |
| -- | EG-ScBUE |
| 082 04 - DEWEY DECIMAL CLASSIFICATION NUMBER | |
| Classification number | 660.2842 |
| Edition number | 22 |
| Item number | KHU |
| 100 1# - MAIN ENTRY--PERSONAL NAME | |
| Personal name | Khulbe, Kailash C. |
| 9 (RLIN) | 39535 |
| 245 10 - TITLE STATEMENT | |
| Title | Synthetic polymeric membranes : |
| Remainder of title | characterization by atomic force microscopy / |
| Statement of responsibility, etc | Kailash C. Khulbe, C. Y. Feng, Takeshi Matsuura. |
| 260 ## - PUBLICATION, DISTRIBUTION, ETC. (IMPRINT) | |
| Place of publication, distribution, etc | Berlin : |
| Name of publisher, distributor, etc | Springer, |
| Date of publication, distribution, etc | c.2008. |
| 300 ## - PHYSICAL DESCRIPTION | |
| Extent | xvii, 197 p. : |
| Other physical details | ill. ; |
| Dimensions | 24 cm. |
| 490 0# - Series Statement | |
| Series statement | Springer laboratory. |
| 500 ## - GENERAL NOTE | |
| General note | Index : p. [193]-197. |
| 504 ## - BIBLIOGRAPHY, ETC. NOTE | |
| Bibliography, etc | Induces bibliographical references. |
| 650 #0 - SUBJECT ADDED ENTRY--TOPICAL TERM | |
| Topical term or geographic name as entry element | Membranes (Technology) |
| Source of heading or term | BUEsh |
| 9 (RLIN) | 35944 |
| 650 #7 - SUBJECT ADDED ENTRY--TOPICAL TERM | |
| Topical term or geographic name as entry element | Inorganic polymers. |
| Source of heading or term | BUEsh |
| 9 (RLIN) | 39536 |
| 653 ## - INDEX TERM--UNCONTROLLED | |
| Resource For college | Pharmacy |
| Arrived date list | March2016 |
| 700 1# - ADDED ENTRY--PERSONAL NAME | |
| Personal name | Feng, C. Y. |
| 700 1# - ADDED ENTRY--PERSONAL NAME | |
| Personal name | Matsuura, T. |
| 942 ## - ADDED ENTRY ELEMENTS (KOHA) | |
| Source of classification or shelving scheme | Dewey Decimal Classification |
| Withdrawn status | Item status | Source of classification or shelving scheme | Damaged status | Not for loan | Vendor | Home library | Current library | Shelving location | Date acquired | Source of acquisition | Cost, normal purchase price | Serial Enumeration / chronology | Total Checkouts | Full call number | Barcode | Date last seen | Cost, replacement price | Koha item type |
|---|---|---|---|---|---|---|---|---|---|---|---|---|---|---|---|---|---|---|
| Dewey Decimal Classification | Central Library | Central Library | First floor | 13/03/2016 | Purchase | 1300.00 | 1 | 660.2842 KHU | 000032024 | 15/07/2025 | 1625.00 | Book - Borrowing |